Statistics for kpop groups

Click here to take the quiz!

General Stats

  • This quiz has been taken 312 times
  • The average score is 11 of 15

Answer Stats

HintAnswer% Correct
pink venomblackpink
97%
hype boynew jeans
94%
after likeive
91%
talk that talktwice
87%
guerillaateez
85%
yet to comebts
84%
pass the micenhypen
77%
girlsaespa
76%
forever 1snsd
66%
smileyyena
65%
invutaeyeon
62%
nananagot7
53%
gasolinekey
46%
anymoresomi
39%
anyoneseventeen
32%

Score Distribution

Percentile by Number Answered

Percent of People with Each Score

Your Score History

You have not taken this quiz